[Event "1st Big Slick GM"]
[Site "London ENG"]
[Date "2009.06.27"]
[Round "1"]
[White "Gormally,D"]
[Black "Cherniaev,A1"]
[Result "1/2-1/2"]
[WhiteElo "2487"]
[BlackElo "2423"]
[EventDate "2009.06.27"]

1. d4 Nf6 2. c4 d6 3. Nc3 e5 4. Nf3 e4 5. Ng5 Qe7 6. Qc2 Bf5 7. g4 Bg6 8.
Bg2 Nc6 9. e3 O-O-O 10. h4 h6 11. h5 hxg5 12. hxg6 Rxh1+ 13. Bxh1 Nb4 14.
Qa4 Nd3+ 15. Ke2 Qe6 16. f3 a6 17. Nxe4 Nxe4 18. fxe4 Nxc1+ 19. Rxc1 Qxg4+
20. Bf3 Qg3 21. b4 g4 22. Bh1 Be7 23. Qd1 fxg6 24. Qg1 Qxg1 25. Rxg1 Rh8
26. Bg2 Bf6 27. a4 Rh2 28. Kf1 Bg5 29. Kf2 Bh4+ 30. Kf1 Bg5 31. Kf2 Bh4+
32. Kf1 1/2-1/2

[Event "1st Big Slick GM"]
[Site "London ENG"]
[Date "2009.06.27"]
[Round "1"]
[White "Ansell,S"]
[Black "Slavin,A"]
[Result "0-1"]
[WhiteElo "2394"]
[BlackElo "2308"]
[EventDate "2009.06.27"]

1. d4 Nf6 2. c4 e6 3. Nf3 Bb4+ 4. Bd2 Qe7 5. a3 Bxd2+ 6. Nbxd2 d6 7. e4 e5
8. d5 O-O 9. g3 a5 10. Bg2 Na6 11. Qc2 Bd7 12. b3 c6 13. dxc6 bxc6 14. O-O
Rfb8 15. Qc3 c5 16. Ne1 Re8 17. Nc2 Nb8 18. Qd3 Nc6 19. Rfd1 Nd4 20. Nxd4
cxd4 21. b4 axb4 22. axb4 Reb8 23. Rxa8 Rxa8 24. Nb3 Ra4 25. Qd2 Bc6 26.
Qe1 Qb7 27. Na5 Qa8 28. Nxc6 Qxc6 29. Ra1 g6 30. Rxa4 Qxa4 31. Bf1 Qc2 32.
Qe2 Qxe2 33. Bxe2 Nxe4 34. Bf3 Nc3 35. Kf1 Kf8 36. Ke1 e4 37. Bg2 f5 38.
Kd2 Ke7 39. h4 Na2 40. b5 Nc3 41. h5 g5 42. h6 g4 43. Bf1 Na4 0-1

[Event "1st Big Slick GM"]
[Site "London ENG"]
[Date "2009.06.27"]
[Round "1"]
[White "Galego,L"]
[Black "Eames,R"]
[Result "1-0"]
[WhiteElo "2454"]
[BlackElo "2312"]
[EventDate "2009.06.27"]

1. e4 c5 2. Nf3 Nc6 3. Bb5 Nf6 4. Bxc6 dxc6 5. d3 Bg4 6. Nbd2 Nd7 7. h3 Bh5
8. Nc4 f6 9. Ne3 e5 10. Nf5 Qb6 11. b3 O-O-O 12. g4 Bf7 13. Be3 h5 14. g5
g6 15. N5h4 Be7 16. gxf6 Bxf6 17. Bg5 c4 18. bxc4 Qb4+ 19. Qd2 Qe7 20. Rb1
Nc5 21. Bxf6 Qxf6 22. Qg5 Qd6 23. Nxe5 Rhf8 24. Nhf3 Be8 25. Qe3 b6 26. Rg1
Rf6 27. d4 Ne6 28. d5 cxd5 29. cxd5 Nc5 30. Nd3 Ba4 31. Nxc5 Qxc5 32. Qxc5+
bxc5 33. Nd2 Rdf8 34. f3 Bd7 35. h4 Ra6 36. Rb2 Rf4 37. Rh1 Ra3 38. c4 Rc3
39. Ke2 Ba4 40. Kf2 Bd7 41. Kg3 Rg4+ 42. Kf2 Rf4 43. Rb3 Rc2 44. Ke3 Rf6
45. Rhb1 Ra6 46. Rb8+ Kc7 47. R1b7+ Kd6 48. Rd8 Ke5 49. Rdxd7 Rc3+ 50. Ke2
Rxa2 51. Rxa7 Rac2 52. Ra1 Kd4 53. Rd1 Re3+ 54. Kf2 Rd3 55. Ke1 Re3+ 56.
Kf1 Kd3 57. Ra7 Kd4 58. d6 Ke5 59. d7 Rd3 60. Ke2 Rd4 61. Ra6 Rxd7 62. Rxg6
Kf4 63. Rg5 1-0

[Event "1st Big Slick GM"]
[Site "London ENG"]
[Date "2009.06.27"]
[Round "1"]
[White "Poobalasingam,P"]
[Black "Arkell,K"]
[Result "1/2-1/2"]
[WhiteElo "2240"]
[BlackElo "2517"]
[EventDate "2009.06.27"]

1. d4 e6 2. e4 d5 3. Nd2 c5 4. exd5 Qxd5 5. dxc5 Bxc5 6. Ngf3 Nf6 7. Bc4
Qd6 8. Qe2 O-O 9. O-O Nbd7 10. Nb3 Bb6 11. Bg5 h6 12. Bh4 Bc7 13. Nbd4 Ne5
14. Bg3 Nxf3+ 15. Nxf3 Qb6 16. Be5 Bxe5 17. Qxe5 Bd7 18. Rad1 Rfc8 19. Bb3
Rc5 20. Qd4 Qc7 21. Rfe1 a5 22. Ne5 Be8 23. a4 b5 24. axb5 Rxb5 25. Bc4 Rc5
26. b3 Bb5 27. Bxb5 Rxb5 28. Nc4 a4 29. Qd6 Qxd6 30. Nxd6 Rc5 31. bxa4 Rxc2
32. Rb1 Rc6 33. Ne4 Nd5 34. Ra1 Rca6 35. Nc5 Ra5 36. Rec1 g5 37. h4 gxh4
38. Rc4 h3 39. Nb3 R5a7 40. g3 Rb7 41. Nc5 Rc7 42. Rg4+ Kh7 43. Nd3 Rc3 44.
Nf4 Nf6 45. Rh4 e5 46. Nxh3 Ra5 47. Kg2 Kg6 48. Ng1 Rc2 49. Rb4 Nd5 50. Re4
Kf5 51. Re2 Rc4 52. Nf3 Nf6 53. Nh4+ Ke6 54. Rb1 Ra6 55. Nf3 e4 56. Nd2
Rcxa4 57. Rbe1 Kf5 58. f3 exf3+ 59. Nxf3 Ra2 60. Kh3 Rxe2 61. Rxe2 Ne4 62.
Nd4+ Ke5 63. Nf3+ Kd5 64. Re3 f5 65. Rd3+ Ke6 66. Rd8 Ng5+ 67. Nxg5+ hxg5
68. Rg8 Kf6 69. Rf8+ Ke5 70. Re8+ Re6 71. Rg8 Kf6 72. Rf8+ Kg6 73. Rg8+ Kh6
74. Ra8 Re2 75. Ra6+ Kh5 76. g4+ fxg4+ 77. Kg3 Re3+ 78. Kg2 Re2+ 79. Kg3
Rc2 80. Rb6 Rc3+ 81. Kg2 g3 82. Rb4 Re3 83. Ra4 g4 84. Ra8 Rd3 85. Rh8+ Kg5
86. Rg8+ Kf4 87. Rf8+ 1/2-1/2

[Event "1st Big Slick GM"]
[Site "London ENG"]
[Date "2009.06.27"]
[Round "1"]
[White "Rudd,J"]
[Black "Kjartansson,G"]
[Result "1-0"]
[WhiteElo "2357"]
[BlackElo "2388"]
[EventDate "2009.06.27"]

1. c4 Nf6 2. Nc3 e5 3. Nf3 Nc6 4. e4 Bb4 5. Bd3 d6 6. a3 Bxc3 7. dxc3 h6 8.
h3 Be6 9. Be3 Qe7 10. Qc2 O-O 11. O-O-O Na5 12. Qe2 a6 13. g4 Nh7 14. Rdg1
g5 15. h4 f6 16. hxg5 hxg5 17. Nd2 b5 18. cxb5 axb5 19. Bxb5 Rfb8 20. Rh6
Kh8 21. Rgh1 Bg8 22. b4 c6 23. Bd3 Qf7 24. Qf3 Kg7 25. Qf5 Nf8 26. bxa5
Rxa5 27. Nc4 Rab5 28. Bc2 Qe7 29. a4 Rb3 30. Bxb3 Rxb3 31. Kc2 Rb8 32. Nb6
d5 33. Bc5 Qf7 34. Bxf8+ Rxf8 35. Rh7+ 1-0

[Event "1st Big Slick GM"]
[Site "London ENG"]
[Date "2009.07.05"]
[Round "9"]
[White "Kjartansson,G"]
[Black "Poobalasingam,P"]
[Result "0-1"]
[WhiteElo "2388"]
[BlackElo "2240"]
[EventDate "2009.06.27"]

1. d4 Nf6 2. c4 g6 3. Nc3 d5 4. e3 Bg7 5. Qb3 c6 6. Nf3 O-O 7. Bd2 e6 8.
Be2 Nbd7 9. O-O Ne4 10. Be1 Nd6 11. Nd2 dxc4 12. Nxc4 Nxc4 13. Bxc4 c5 14.
dxc5 Nxc5 15. Qa3 Qb6 16. b4 Nd7 17. Na4 Qc6 18. Rc1 b5 19. Be2 Qa6 20. Qd3
Qxa4 21. Qxb5 Qxb5 22. Bxb5 Nb6 23. a4 Bd7 24. Bxd7 Nxd7 25. Rc7 Nb6 26. a5
Nd5 0-1